Pier Paolo Pasolini
Guardado en:
| Autor principal: | |
|---|---|
| Formato: | Libro |
| Lenguaje: | español |
| Publicado: |
Bilbao
Mensajero
1978
|
| Colección: | Colección Cinereseña
|
| Materias: | |
| Etiquetas: |
Agregar Etiqueta
Sin Etiquetas, Sea el primero en etiquetar este registro!
|
MARC
| LEADER | 00000nam a2200000 a 4500 | ||
|---|---|---|---|
| 001 | UCW0062 | ||
| 003 | CL-VaPUC | ||
| 008 | 880616e19780000SP |||||||||||||||||spa|d | ||
| 082 | 0 | 4 | |a 791.4309 |b FAN |2 21 |
| 100 | 0 | |a Fantuzzi, Virgilio |e author |9 304052 | |
| 245 | 1 | 0 | |a Pier Paolo Pasolini |
| 300 | |a 226 p | ||
| 942 | |c BK | ||
| 945 | |d 19880616 00:00:00 | ||
| 260 | |a Bilbao |b Mensajero |c 1978 | ||
| 650 | 0 | |a Cine |9 225706 | |
| 650 | 0 | |a Argumentos, tramas, etc. |9 265033 | |
| 583 | |a last modification |c 20180402 05:15:52 |k Rodrigo Vera | ||
| 490 | 0 | |a Colección Cinereseña | |
| 999 | |c 215309 |d 215307 | ||
| 952 | |0 0 |1 0 |4 0 |6 791_430900000000000_FAN_1978 |7 0 |8 R |9 199402 |a BIBART |b BIBART |d 2019-11-14 |i 2667088 |o 791.4309 FAN 1978 |p 2667088 |r 2025-03-13 |w 2019-11-14 |y BK_R |k ART | ||